LEADER 03728nam 2200637Ia 450 001 9910455882603321 005 20200520144314.0 010 $a1-280-03658-3 010 $a0-203-47664-6 035 $a(CKB)111087027089036 035 $a(EBL)170270 035 $a(OCoLC)304072261 035 $a(SSID)ssj0000149898 035 $a(PQKBManifestationID)11150514 035 $a(PQKBTitleCode)TC0000149898 035 $a(PQKBWorkID)10239078 035 $a(PQKB)10912533 035 $a(MiAaPQ)EBC170270 035 $a(Au-PeEL)EBL170270 035 $a(CaPaEBR)ebr10070522 035 $a(CaONFJC)MIL3658 035 $a(EXLCZ)99111087027089036 100 $a19980529d1998 uy 0 101 0 $aeng 135 $aur|n|---||||| 181 $ctxt 182 $cc 183 $acr 200 00$aEthics and sport$b[electronic resource] /$fedited by M.J. McNamee and S.J. Parry 210 $aLondon ;$aNew York $cE & FN Spon$d1998 215 $a1 online resource (290 p.) 225 1 $aEthics and Sport 300 $aDescription based upon print version of record. 311 $a1-138-14197-6 311 $a0-419-21510-7 320 $aIncludes bibliographical references and index. 327 $aCover; Ethics and Sport; Title Page; Copyright Page; Table of Contents; Contributors; Acknowledgements; Introduction by Jim Parry; Foreword by Warren P.Fraleigh; Part One Ethics and Sport-the Contribution of Philosophy; 1 Are there philosophical issues with respect to sport (other than ethical ones)?; 2 Soft metaphysics: a precursor to good sports ethics; 3 Ethics and the double character of sport: an attempt to systematize discussion of the ethics of sport; Part Two Fair Play and Sporting Behaviour; 4 Games, rules and contracts; 5 Fair play: historical anachronism or topical ideal? 327 $a6 'Merely meat'? Respect for persons in sport and gamesPart Three Ethics, Physical Education and Sports Coaching; 7 What moral educational significance has physical education? A question in need of disambiguation; 8 Moral development research in sports and its quest for objectivity; 9 Celebrating trust: virtues and rules in the ethical conduct of sports coaches; 10 Sport is for losers; Part Four Contemporary Ethical Issues in Sports; 11 Multinational sport and literary practices and their communities: the moral salience of cultural narratives; 12 Violence and aggression in contemporary sport 327 $a13 Cheating and self-deception in sport14 Private autonomy and public morality in sporting practices; 15 In the zone: Heidegger and sport; Index 330 $aThe issues surrounding ethical controversies in sport are often touched on in the popular media. This book by leading international scholars in philosophy and the philosophy of sport provides systematic treatment of the ethics of sport from a range of perspectives.Part one includes essays which focus on the basis of sport as an activity that is inherently ethical. Part two concerns the nature of the oft-heard but seldom-clarified notion of fair play. Three essays are included which articulate substantively different interpretations of the concept all of which have different allegianc 410 0$aEthics and Sport 606 $aSports$xMoral and ethical aspects 606 $aSports$xPhilosophy 608 $aElectronic books. 615 0$aSports$xMoral and ethical aspects. 615 0$aSports$xPhilosophy. 676 $a796/.01 701 $aMcNamee$b M. J$g(Mike J.)$0869149 701 $aParry$b S. J$g(S. Jim)$0886341 801 0$bMiAaPQ 801 1$bMiAaPQ 801 2$bMiAaPQ 906 $aBOOK 912 $a9910455882603321 996 $aEthics and sport$92019742 997 $aUNINA LEADER 01506nam a22003011i 4500 001 991003245249707536 005 20030912111355.0 008 030925s1962 gw |||||||||||||||||ger 035 $ab1239905x-39ule_inst 035 $aARCHE-044658$9ExL 040 $aBiblioteca Interfacoltà$bita$cA.t.i. Arché s.c.r.l. Pandora Sicilia s.r.l. 082 04$a473.51 245 00$aAusfuhrliches lateinisch-deutsches Handworterbuch :$baus den Quellen zusammengetragen und mit besonderer Bezugnahme auf Synonymik und Antiquitaten unter Berucksichtigung der besten Hilfsmittel /$causgearbeitet von Karl Ernst Georges 250 $a11. Aufl. Nachdruck der 8. verbesserten und vermehrten Auflage /$bvon Heinrich Georges 260 $aBasel :$bBenno Schwabe,$c1962 300 $a2 v. ;$c25 cm 650 4$aLingua latina$xDizionari 700 1 $aGeorges, Karl Ernst$eauthor$4http://id.loc.gov/vocabulary/relators/aut$0316109 700 1 $aGeorges, Heinrich 907 $a.b1239905x$b02-04-14$c08-10-03 912 $a991003245249707536 945 $aLE002 SB 473.31 AUS 945 $aLE002 Enc. Diz. Lat. 14/002$cV. 2$g1$i2002000271013$lle002$o-$pE0.00$q-$rn$so $t0$u0$v0$w0$x0$y.i12808489$z08-10-03 945 $aLE002 SB 473.31 AUS 945 $aLE002 Enc. Diz. Lat. 14/001$cV. 1$g1$i2002000270924$lle002$o-$pE0.00$q-$rn$so $t0$u0$v0$w0$x0$y.i12808490$z08-10-03 996 $aAusführliches lateinisch-deutsches Handwörterbuch$9699725 997 $aUNISALENTO 998 $ale002$b08-10-03$cm$da $e-$fger$ggw $h0$i2 LEADER 02557oam 2200625I 450 001 9910969290703321 005 20251117101135.0 010 $a1-136-84440-6 010 $a1-315-02851-4 010 $a1-136-84433-3 024 7 $a10.4324/9781315028514 035 $a(CKB)2670000000390658 035 $a(EBL)1273202 035 $a(OCoLC)852759115 035 $a(SSID)ssj0001054290 035 $a(PQKBManifestationID)11585183 035 $a(PQKBTitleCode)TC0001054290 035 $a(PQKBWorkID)11126042 035 $a(PQKB)10065031 035 $a(OCoLC)857082536 035 $a(MiAaPQ)EBC1273202 035 $a(Au-PeEL)EBL1273202 035 $a(CaPaEBR)ebr10729490 035 $a(CaONFJC)MIL504278 035 $a(FINmELB)ELB137729 035 $a(EXLCZ)992670000000390658 100 $a20180706d2011 uy 0 101 0 $aeng 135 $aur|n|---||||| 181 $ctxt 182 $cc 183 $acr 200 10$aWords $ean integrational approach /$fHayley G. Davis 205 $a1st ed. 210 1$aNew York :$cRoutledge,$d2011. 215 $a1 online resource (231 p.) 225 1 $aRoutledge Advances in Communication and Linguistic Theory 300 $a"First Published in 2001 by Curzon Press Richmond, Surrey"--T.p. verso. 311 08$a1-138-86834-5 311 08$a0-7007-1376-X 320 $aIncludes bibliographical references and index. 327 $aCover; WORDS: An Integrational Approach; Copyright; Contents; Preface; Abbreviations; 1 Orientation: The Word of Linguistic Theory; 2 Methodology: The Word of the Layperson; 3 What do Lay Speakers Say About Words?; 4 Words and Linguistic Meaning; 5 Parts of Speech and Grammar; 6 Folk Characteristics of Words; 7 Reorientation: the Integration of Speech and Writing; Bibliography; Index 330 $aAims to reorient the study of language by taking into serious consideration the perspective on linguistic matters taken by lay speakers themselves, as a response to the now inescapable conclusion that traditional linguistic theory, with its focus on revealing 'the facts of language in general', cannot handle the necessary indeterminacy of what is said and understood. 410 0$aRoutledge Advances in Communication and Linguistic Theory 606 $aWord (Linguistics) 615 0$aWord (Linguistics) 676 $a410.1 700 $aDavis$b Hayley G.$0849401 801 0$bMiAaPQ 801 1$bMiAaPQ 801 2$bMiAaPQ 906 $aBOOK 912 $a9910969290703321 996 $aWords$94492390 997 $aUNINA